LEADER 00890nam0-22003011i-450- 001 990003683130403321 005 20001010 010 $a88-207-2361-1 035 $a000368313 035 $aFED01000368313 035 $a(Aleph)000368313FED01 035 $a000368313 100 $a20000920d1994----km-y0itay50------ba 101 0 $aita 105 $ay-------001yy 200 1 $a<>industria della carità$eL'Albergo dei Poveri nell'economia e nella società napoletana tra '700 e '800$fGiuseppe Moricola 210 $aNapoli$cLiguori$dc1994 215 $a170 p. 225 1 $aIUO/ Collana del Dip. Scienze Sociali 700 1$aMoricola,$bGiuseppe$0139824 801 0$aIT$bUNINA$gRICA$2UNIMARC 901 $aBK 912 $a990003683130403321 952 $aSE 112.02.18-$b1147D$fDECSE 959 $aDECSE 996 $aIndustria della carità$9167819 997 $aUNINA DB $aING01 LEADER 01803nas 2200445 n 450 001 990009025380403321 005 20240229084436.0 011 $a1723-1345 035 $a000902538 035 $aFED01000902538 035 $a(Aleph)000902538FED01 035 $a000902538 091 $2CNR$aP 00232123 100 $a20090724b19281937km-y0itaa50------ba 101 0 $aita 102 $aIT 110 $aauu-------- 200 1 $a<>Politecnico [1928] 207 1$a1928-1937 210 $aMilano$cCasa Editrice Francesco Vallardi 326 $aMensile 430 0$1001000902539$12001$a<>Politecnico. Giornale dell'ingegnere architetto civile ed industriale 530 0 $a<>Politecnico [1928] 675 $a7 675 $a33 675 $a62 675 $a67 675 $a68 712 02$aPolitecnico di Milano 801 0$aIT$bACNP$c20090723 859 4 $uhttp://acnp.cib.unibo.it/cgi-ser/start/it/cnr/dc-p1.tcl?catno=2165990&person=false&language=ITALIANO&libr=&libr_th=unina1$zBiblioteche che possiedono il periodico 901 $aSE 912 $a990009025380403321 958 $aBiblioteca Centrale "F. Gasparini". Facoltà di Ingegneria. Università degli Studi di Napoli "Federico II"$b1928-1935;1937.$edXXVIa1; dXVIIIe7$fFINBC FINAG 959 $aFINBC 959 $aFINAG 996 $aPolitecnico$9131981 997 $aUNINA AP1 8 $6866-01$aNA104 Biblioteca Centrale "F. Gasparini". Facoltà di Ingegneria. Università degli Studi di Napoli "Federico II"$bdXXVIa1; dXVIIIe7$ep.le Tecchio,80, 80125 Napoli (NA)$m0817682190;0817682195$m0817682188$nit AP2 40$aacnp.cib.unibo.it$nACNP Italian Union Catalogue of Serials$uhttp://acnp.cib.unibo.it/cgi-ser/start/it/cnr/df-p.tcl?catno=2165990&language=ITALIANO&libr=&person=&B=1&libr_th=unina&proposto=NO